Amaryllis /

Bibliographic Details
Corporate Author: Shinedown (Musical group)
Format: CD Audio
Language:English
Published: New York, NY : Atlantic, [2012]
Subjects:

MARC

Tag First Indicator Second Indicator Subfields
LEADER 00000cjm a2200000Ia 4500
001 in00002766821
005 20151202170949.0
007 sd fungnn|||ed
008 120302s2012 nyurcnne n eng d
019 |a 777671543 
024 1 |a 075678825743 
024 7 |a 00075678825743  |2 gtin-14 
028 0 2 |a 528523-2  |b Atlantic 
035 |a (OCoLC)ocn778898573 
035 |a (OCoLC)778898573  |z (OCoLC)777671543 
037 |b Midwest Tape  |n http://www.midwesttapes.com 
040 |a TEFMT  |c TEFMT  |d TEF  |d IEP  |d BKC  |d BTCTA  |d WIM  |d OWL  |d IFK  |d LF3  |d UtOrBLW 
049 |a TXAM 
050 4 |a M1630.18.S55  |b A43 2012 
082 0 4 |a 782.42166  |2 23 
090 |a M1630.18.S4992  |b A43 2012 
110 2 |a Shinedown (Musical group) 
245 1 0 |a Amaryllis /  |c Shinedown. 
264 1 |a New York, NY :  |b Atlantic,  |c [2012] 
264 4 |c ℗2012 
300 |a 1 sound disc (44 min.) :  |b digital ;  |c 4 3/4 in. 
336 |a performed music  |b prm  |2 rdacontent 
337 |a audio  |b s  |2 rdamedia 
338 |a audio disc  |b sd  |2 rdacarrier 
511 0 |a Shinedown: Brent Smith, Barry Kerch, Eric Bass, Zach Myers. 
508 |a Produced by Rob Cavallo. 
518 |a Recorded at Lightning Sound Studios. 
521 8 |a "Parental advisory: explicit content"--Sell sheet. 
500 |a Compact disc. 
500 |a Lyrics (1 folded p.) on insert. 
505 0 0 |t Adrenaline --  |t Bully --  |t Amaryllis --  |t Unity --  |t Enemies --  |t I'm not alright --  |t Nowhere kids --  |t Miracle --  |t I'll follow you --  |t For my sake --  |t My name (wearing me out) --  |t Through the ghost. 
500 |a Sound recording. 
650 0 |a Heavy metal (Music) 
650 0 |a Alternative metal (Music) 
650 0 |a Rock music  |y 2011-2020. 
948 |a cataloged  |b h  |c 2012/6/1  |d c  |e jstorlie  |f 10:50:27 am 
994 |a C0  |b TXA 
999 |a MARS 
999 f f |s 77bb71a2-2afe-3331-8e3b-ba7d05777934  |i a9109b03-a30a-316b-b183-a1abb16e346e  |t 0 
952 f f |p ric  |a Texas A&M University  |b Rellis Campus  |c Joint Library Facility  |d Remote Storage  |t 0  |e M1630.18.S4992 A43 2012  |h Library of Congress classification  |i audio -- audio disc  |m A14841403638 
998 f f |a M1630.18.S4992 A43 2012  |t 0  |l Remote Storage